| 000 | 00868cam a22001814a 4500 | ||
|---|---|---|---|
| 005 | 20250605164029.0 | ||
| 008 | 250528s ||||||||||||||||||||||||d | ||
| 035 | _a16543 | ||
| 040 |
_aGR-AtMCL _bgre _dGR-AtMCL _eAACR2 |
||
| 245 | 1 | _aΔίκαιο Εξυγίανσης και Εκκαθάρισης Επιχειρήσεων / Εκούσια Εκκαθάριση - Εξυγίανση - Πτώχευση | |
| 260 |
_bΠ. Σάκκουλα, _c1994 |
||
| 300 | _a134 | ||
| 520 | _aΕισαγωγή, Το Δίκαιο της Ακούσιας Εξυγίανσης, Το Δίκαιο της Εξυγίανσης και Ειδικής (Αναγκαστικής) Εκκαθάρισης Επιχειρήσεων, Το Δίκαιο της Πτώχευσης. | ||
| 700 | 1 |
_aΛιακόπουλος Θανάσης Θ _92642 |
|
| 942 | _cBK | ||
| 999 |
_c2035 _d2035 |
||